Statistics for Guess the 2000's Artists

Click here to take the quiz!

General Stats

  • This quiz has been taken 215 times
  • The average score is 38 of 100

Answer Stats

HintAnswer% Correct
The Real Slim Shady (2000)Eminem
96%
Viva la Vida (2008)Coldplay
91%
Poker Face (2009)Lady Gaga
91%
Toxic (2003)Britney Spears
89%
Halo (2008)Beyoncé
87%
Hips Don't Lie (2006)Shakira
87%
Gold Digger (2005)Kanye West
83%
SexyBack (2006)Justin Timberlake
82%
Empire State of Mind (2009)Jay-Z
80%
I Gotta Feeling (2009)Black Eyed Peas
79%
In da Club (2003)50 Cent
78%
American Idiot (2004)Green Day
76%
Ms. Jackson (2000)Outkast
73%
Rehab (2006)Amy Winehouse
72%
Yeah! (2004)Usher
70%
Since U Been Gone (2004)Kelly Clarkson
69%
Mr. Brightside (2004)The Killers
69%
Hollaback Girl (2004)Gwen Stefani
68%
Live Your Life (2008)T.I.
65%
Feel Good Inc. (2005)Gorillaz
61%
You Belong With Me (2008)Taylor Swift
61%
In the End (2000)Linkin Park
60%
Drop It Like It's Hot (2004)Snoop Dogg
60%
Seven Nation Army (2003)The White Stripes
60%
No One (2007)Alicia Keys
57%
Complicated (2002)Avril Lavigne
56%
So What (2008)P!nk
56%
Sex on Fire (2009)Kings of Leon
52%
It Wasn't Me (2000)Shaggy
52%
Harder, Faster, Better, Stronger (2001)Daft Punk
51%
We Belong Together (2005)Mariah Carey
51%
She Will Be Loved (2002)Maroon 5
51%
Hot in Herre (2002)Nelly
51%
Umbrella (2008)Rhianna
49%
How You Remind Me (2001)Nickleback
48%
Beautiful Day (2000)U2
48%
Fireflies (2009)Owl City
47%
Hey There Delilah (2007)Plain White T's
47%
Bring Me To Life (2003)Evanescence
45%
Chasing Cars (2006)Snow Patrol
45%
Before He Cheats (2005)Carrie Underwood
42%
Whatcha Say (2009)Jason Derulo
41%
Beautiful (2002)Christina Aguilera
40%
Low (2008)Flo Rida
39%
A Milli (2008)Lil Wayne
39%
Somewhere Only We Know (2004)Keane
38%
Welcome to the Black Parade (2006)My Chemical Romance
38%
Drops of Jupiter (Tell Me) (2001)Train
38%
Crazy (2006)Gnarls Barkley
37%
Smack That (2006)Akon
36%
Love Don't Cost a Thing (2001)Jennifer Lopez
35%
I'm Yours (2008)Jason Mraz
34%
Kryptonite (2000)3 Doors Down
33%
Take Me Out (2004)Franz Ferdinand
33%
The Pretender (2007)Foo Fighters
32%
X Gonna Give It To Ya (2002)DMX
31%
Hero (2001)Enrique Iglesias
31%
Family Affair (2001)Mary J. Blige
31%
Apologize (2007)OneRepublic
30%
Can't Stop (2002)Red Hot Chili Peppers
30%
Work It (2002)Missy Elliott
28%
Toxicity (2001)System of a Down
28%
Hurt (2002)Johnny Cash
26%
Forever (2008)Chris Brown
25%
I Miss You (2003)Blink-182
22%
Down with the Sickness (2000)Disturbed
22%
Jigsaw Falling in Place (2007)Radiohead
19%
Waiting On the World to Change (2006)John Mayer
18%
Uprising (2006)Muse
17%
Duality (2004)Slipknot
17%
Like a Stone (2002)Audioslave
15%
Unwell (2002)Matchbox Twenty
15%
No One Knows (2002)Queens of the Stone Age
15%
Try Again (2002)Aaliyah
14%
Change (In the House of Flies) (2000)Deftones
14%
Rapp Snitch Knishes (2004)MF DOOM
14%
Float On (2004)Modest Mouse
13%
Love Song (2007)Sara Bareilles
13%
Schism (2001)TOOL
13%
Coming Undone (2005)Korn
12%
Act A Fool (2001)Ludacris
11%
Someday (2002)The Strokes
11%
Break Ya Neck (2001)Busta Rhymes
10%
I Will Follow You into the Dark (2005)Death Cab For Cutie
10%
Live Like You Were Dying (2004)Tim McGraw
10%
The Diary of Jane (2006)Breaking Benjamin
9%
Wish You Were Here (2001)Incubus
8%
Better Together (2005)Jack Johnson
8%
Monster (2009)Skillet
7%
Beer For My Horses (2002)Toby Keith
7%
Wake Up (2004)Arcade Fire
6%
Afterlife (2007)Avenged Sevenfold
6%
One Last Breath (2001)Creed
6%
Over You (2006)Daughtry
5%
Daft Punk is Playing at My House (2005)LCD Soundsystem
5%
Do You Realize?? (2002)The Flaming Lips
5%
The Light (2000)Common
3%
Evil (2004)Interpol
3%
Flightless Bird, American Mouth (2007)Iron & Wine
3%
Happy? (2005)Mudvayne
3%

Score Distribution

Percentile by Number Answered

Percent of People with Each Score

Your Score History

You have not taken this quiz